Statistiques concernant Classement Ligue 1 2021-2022

Cliquez ici pour prendre le quiz!

Statistiques générales

  • Ce quiz a été pris 152 fois
  • Le résultat moyen est 18 sur 20

Statistiques - réponses

HintRéponse% Correct
1erParis SG
100%
2eOlympique de Marseille
99%
3eAS Monaco
98%
4eStade Rennais
98%
18eAS Saint-Etienne
96%
10eLOSC
96%
8eOlympique Lyonnais
96%
20eGirondins de Bordeaux
95%
7eRC Lens
95%
9eFC Nantes
93%
5eOGC Nice
91%
6eRC Strasbourg Alsace
91%
14eAngers SCO
86%
11eStade Brestois
86%
16eFC Lorient
84%
19eFC Metz
84%
13eMontpellier HSC
84%
12eStade de Reims
83%
17eClermont Foot 63
82%
15eESTAC Troyes
74%

Distribution des résultats

Percentile par nombre de réponses

% des personnes avec chaque résultat

Votre développement - résultats

Vous n’avez pas pris ce quiz